[Event "Continental-ch Women America 2017"]
[Site "Villa Martelli"]
[Date "2017.09.14"]
[Round "9"]
[White "Chumpitaz, Ann"]
[Black "Martinez, Ayelen"]
[Result "1-0"]
[WhiteElo "2225"]
[BlackElo "2190"]
[Annotator "TA"]
[PlyCount "119"]
[EventDate "2017.??.??"]
[EventType "swiss"]
[EventCountry "ARG"]
[SourceTitle "playchess.com"]
[Source "ChessBase"]
[SourceQuality "1"]

{[%evp 17,119,20,37,21,45,27,54,18,53,14,86,38,40,31,138,145,138,143,158,171,161,160,171,171,157,151,166,143,168,180,224,214,274,279,278,277,307,317,343,337,360,351,345,330,361,331,384,352,343,349,418,350,329,327,341,269,264,280,329,316,304,274,487,459,458,329,346,346,361,299,521,507,513,500,500,492,678,677,641,310,570,405,570,570,562,543,537,538,538,513,450,435,391,391,382,304,3537,2453,6033,8145,12814,12815,29986,29987]} 1. d4 Nf6 2. c4 g6 3. Nc3 Bg7 4. e4 d6 5. Nf3 O-O 6. Be2 e5 7. O-O Nc6 8. d5 Ne7 9. Qc2 Nh5 {LiveBook: 12 Games. E97: King's Indian: Classical Main Line (6...e5 7 0-0 Nc6): 8 Be3 and 8 d5 Ne7, not 9 Ne1} (9... Nd7 10. Rd1 h6 11. b4 a5 12. bxa5 Rxa5 13. a4 b6 14. Ba3 Nc5 15. Bb4 Ra6 16. a5 f5 17. axb6 cxb6 18. Bxc5 bxc5 19. Rxa6 Bxa6 {½-½ (48) Salem,A (2608)-Saric,I (2660) Biel 2016}) 10. Re1 h6 $146 ({Find the theoretical novelty and annotate with similar games:} 10... f5 11. Ng5 Nf6 12. Qd3 fxe4 13. Ngxe4 Nf5 14. Nxf6+ Bxf6 15. Ne4 Nd4 16. Qc3 Bf5 17. Bd3 a5 18. Be3 c5 19. Qd2 Qb6 {0-1 (19) Tudor,V (2260)-Epure,C (2122) ICCF email 2007}) 11. Rb1 f5 {White has an edge.} 12. Bd3 a5 13. a3 f4 (13... g5 $11) 14. Nb5 g5 15. c5 $36 {[%mdl 2048] White has some pressure.} Ng6 (15... g4 $14 16. Nd2 Ng6) 16. cxd6 $16 cxd6 17. Qc7 Qxc7 18. Nxc7 Rb8 19. a4 Rf7 20. Nb5 $1 Bf8 21. Nd2 Bd7 22. b3 g4 23. Ba3 Rf6 24. Rec1 g3 25. Rc7 gxf2+ 26. Kxf2 Bxb5 27. Bxb5 Be7 28. Rbc1 Rf7 {[#]} 29. Rxe7 $1 {[%mdl 512]} Nxe7 (29... Rxe7 30. Bxd6) 30. Bxd6 Rd8 31. Bxe5 Ng6 32. Bc7 Rc8 33. d6 Ne5 34. Rc5 Nf6 35. Ke2 Nfd7 36. Bxd7 Nxd7 37. Rxa5 Re8 38. Rb5 Rg7 39. Kf1 Nf6 $2 (39... Kf7 40. Rf5+ (40. Rxb7 Reg8 $16) 40... Kg6 41. Rxf4 Rf7) 40. e5 $18 Ng4 41. Nc4 Nxh2+ 42. Kf2 Kh7 43. Rxb7 Ng4+ $2 (43... Reg8 44. Ke1 f3 45. gxf3 Nxf3+ 46. Kf2 Nd4) 44. Kf3 Nxe5+ 45. Nxe5 Rxe5 {[%mdl 4096] Endgame KRR-KRB} 46. Rb5 Re1 {Black hopes to continue with ...Rf1+.} 47. Rd5 Rd7 48. Kxf4 (48. b4 $142) 48... Rf7+ $2 (48... Kg7 49. Rf5 h5) 49. Kg4 Rg7+ (49... Rd7 $142 50. a5 Kg6) 50. Kf3 $1 Rf7+ {[#]} 51. Kg3 $1 Re3+ 52. Kg4 Re4+ {[#]} 53. Kh3 $1 (53. Kh5 $2 {leads to mate.} Rf1 54. Bd8 Rh1+ 55. Bh4 Rhxh4#) 53... Re3+ 54. g3 {aiming for d7.} Rd7 55. b4 Re4 56. Rb5 {Strongly threatening a5.} Rd4 $2 (56... Rg7 57. Bb6 Reg4) 57. a5 {[%cal Ba4a5,Ba5a6,Ba6a7][%mdl 32]} Rf7 58. a6 Rf8 59. Bb8 Rd2 60. a7 {Precision: White = 70%, Black = 32%.} 1-0

[Event "Continental-ch Women America 2017"]
[Site "Villa Martelli"]
[Date "2017.09.14"]
[Round "9"]
[White "Fernandez, Maria Florencia"]
[Black "Librelato, Ana Julia Goulart"]
[Result "1-0"]
[WhiteElo "2199"]
[BlackElo "1667"]
[Annotator "TA"]
[PlyCount "83"]
[EventDate "2017.??.??"]
[EventType "swiss"]
[EventCountry "ARG"]
[SourceTitle "playchess.com"]
[Source "ChessBase"]
[SourceQuality "1"]

1. d4 {Program Activation Required} Nf6 2. c4 g6 3. Nc3 Bg7 4. e4 d6 5. h3 O-O 6. Bg5 c5 7. d5 e6 8. Bd3 Re8 {E71: Königsindisch (5.h3)} 9. Nf3 Qa5 $146 ({Vorgänger:} 9... exd5 10. cxd5 h6 11. Be3 c4 12. Bc2 b5 13. a3 a6 14. O-O Nbd7 15. Qd2 Kh7 16. Rad1 Bb7 17. Rfe1 Rc8 18. Bd4 Nh5 19. Bxg7 Kxg7 {1-0 (47) Ivanisevic,I (2646)-Kabisch,T (2309) Ditzingen 2016}) 10. O-O a6 11. a4 exd5 12. cxd5 Nfd7 13. Bd2 Qc7 14. a5 Ne5 15. Nxe5 Bxe5 16. Qc2 Nd7 17. Na4 Bg7 18. Rac1 b5 19. axb6 Nxb6 20. Ba5 Rb8 21. Nxb6 Rxb6 22. Bxb6 Qxb6 23. Qa4 Re7 24. b4 Bd4 25. bxc5 dxc5 26. Rb1 Qd6 27. Qb3 Rb7 28. Qa4 Re7 29. Qa5 Bxh3 30. Qb6 Qxb6 31. Rxb6 Bg4 32. Rxa6 Rc7 33. Bc4 Re7 34. d6 Rb7 35. Bd5 Rb2 36. Ra7 Kf8 37. Rxf7+ Ke8 38. Ra1 Rb8 39. Raa7 Rb1+ 40. Kh2 Ra1 41. Rae7+ Kd8 42. Rf8# 1-0

[Event "Continental-ch Women America 2017"]
[Site "Villa Martelli"]
[Date "2017.09.14"]
[Round "9"]
[White "Zuriel, Marisa"]
[Black "Librelato, Kathie Goulart"]
[Result "0-1"]
[WhiteElo "2180"]
[BlackElo "2085"]
[Annotator "TA"]
[PlyCount "96"]
[EventDate "2017.??.??"]
[EventType "swiss"]
[EventCountry "ARG"]
[SourceTitle "playchess.com"]
[Source "ChessBase"]
[SourceQuality "1"]

{[%evp 25,96,10,3,0,7,12,72,9,24,8,24,23,30,34,78,47,87,94,80,97,89,95,106,85,86,66,101,89,177,93,95,67,73,79,84,101,108,74,168,102,106,93,85,82,133,68,336,129,141,8,20,-38,-25,-167,-73,-779,-775,-12240,-8286,-6546,-6512,-6499,-6499,-6283,-5281,-29974,-29975,-29977,-29975,-29981,-1878,-29982,-29983]} 1. e4 e5 2. Nf3 Nc6 3. Bc4 Nf6 4. d3 Bc5 5. O-O d6 6. c3 O-O 7. Bb3 a6 8. Nbd2 Ba7 9. h3 h6 10. Re1 Be6 11. Bc2 Re8 12. Nf1 {C54: Giuoco Piano: 4 c3 Nf6, main lines with 5 d4 and 5 d3} d5 13. Qe2 (13. exd5 Bxd5 14. Ng3 Qd7 15. Be3 Bxe3 16. Rxe3 Re7 17. Nh4 g6 18. c4 Be6 19. Qf3 Kg7 {½-½ (27) Giri,A (2785)-Nakamura,H (2786) Moscow 2017}) 13... Qd7 {LiveBook: 25 Games} 14. Nh4 {The position is equal.} Rad8 15. Qf3 Qe7 $146 (15... Kh7 $11 {remains equal.}) ({Find the theoretical novelty and annotate with similar games:} 15... Nh7 16. Qg3 Kh8 17. Ne3 Bxe3 18. Bxe3 d4 19. Bd2 g5 {1-0 (40) Yurtseven,M (2307)-Hnydiuk,A (2361) Lvov 2015}) 16. Nf5 (16. Ng3 $1 $16) 16... Bxf5 $1 $11 17. Qxf5 dxe4 18. dxe4 Na5 19. Qf3 c5 20. b3 b5 21. Ng3 Nh7 22. Nf5 Qf6 23. Be3 Nc6 24. Rad1 b4 25. cxb4 Nxb4 26. Bb1 $36 {[%mdl 2048] White is in control.} Bb6 (26... Nc6 $16) 27. a3 (27. Qg4 $18) 27... Nc6 $16 28. Bd3 Ba5 29. Rf1 ({Reject} 29. Bxc5 Bxe1 30. Rxe1 g6 $15) 29... Nd4 30. Qg4 Kh8 31. Bc4 Rb8 (31... Bc7 $16) 32. Rd3 (32. f4 $1 $18 {[%cal Rf4e5] aiming for fxe5.} Nxf5 33. Qxf5) 32... Nf8 33. Qh5 Nfe6 34. g3 Red8 (34... Qg6 $142 35. Qxg6 fxg6) 35. Kh1 ({White should play} 35. Nxd4 $16 exd4 36. Bc1) 35... Nc2 $2 {[%mdl 8192] [#]} (35... Kh7 $14) 36. Rxd8+ $2 (36. Bxh6 $1 $18 {[%mdl 512]} Kg8 (36... gxh6 37. Nxh6) 37. f4) 36... Rxd8 37. Bc1 ({But not} 37. Bxa6 $6 Nxa3 38. Ra1 Bb4 $14) ({Better is} 37. Bxh6 $16 gxh6 38. Bxe6) 37... Bd2 $1 $11 38. Bxe6 ({White should try} 38. f4 $11 Bxc1 39. Rxc1 Nxa3 40. Nd6) 38... fxe6 $15 39. Nh4 {[#]} (39. Bxd2 $11 {and White is okay.} exf5 40. Ba5) 39... Ne3 (39... Bxc1 $1 $19 {has better winning chances.} 40. Rxc1 Qxf2) 40. Bxd2 $4 {[%mdl 8192]} (40. Rg1 $17 Bxc1 41. Qe2 Bxa3 42. fxe3) 40... Nxf1 $19 41. Be1 {[#]} Nxg3+ $1 {[%mdl 512]} 42. fxg3 Qf1+ 43. Kh2 Qxe1 44. Qf3 Rd1 {[%csl Gd1][%cal Re1g1]} 45. Ng6+ Kh7 {[%csl Gd1][%cal Re1g1]} 46. Nf8+ Kg8 {[%csl Gd1][%cal Re1g1]} 47. h4 Qg1+ 48. Kh3 Rf1 {Precision: White = 27%, Black = 50%.} 0-1

[Event "Continental-ch Women America 2017"]
[Site "Villa Martelli"]
[Date "2017.09.14"]
[Round "9"]
[White "Vazquez Maccarini, Danitza"]
[Black "Arribas Robaina, Maritza"]
[Result "1/2-1/2"]
[WhiteElo "2173"]
[BlackElo "2273"]
[Annotator "RC"]
[PlyCount "33"]
[EventDate "2017.??.??"]
[EventType "swiss"]
[EventCountry "ARG"]
[SourceTitle "playchess.com"]
[Source "ChessBase"]
[SourceQuality "1"]
[TimeControl "40/5400+30:1800+30"]

1. e4 {[%emt 0:00:00]} e6 {[%emt 0:00:05]} 2. d4 {[%emt 0:00:00]} d5 {[%emt 0:00:06]} 3. Nd2 {[%emt 0:00:03]} Ne7 {[%emt 0:00:12]} 4. Bd3 {[%emt 0:02:36]} g6 {[%emt 0:00:53]} 5. Ne2 {[%emt 0:01:04]} Bg7 {[%emt 0:01:19]} 6. e5 {[%emt 0:01:56]} c5 {[%emt 0:02:09]} 7. c3 {[%emt 0:00:57]} Nec6 {[%emt 0:04:45]} 8. O-O {[%emt 0:04:31]} O-O {[%emt 0:03:04]} 9. Nf3 {[%emt 0:09:34]} Nd7 {[%emt 0:01:14]} 10. Nf4 {[%emt 0:03:23]} cxd4 {[%emt 0:08:50]} 11. cxd4 {[%emt 0:01:08]} Qb6 {[%emt 0:01:13]} 12. Bc2 {[%emt 0:04:00]} Ne7 {[%emt 0:09:08]} 13. Re1 {[%emt 0:03:45]} Re8 {[%emt 0:04:53]} 14. Ba4 {[%emt 0:16:25]} Nc6 {[%emt 0:08:19]} 15. Rb1 {[%emt 0:02:36]} Nf8 {[%emt 0:00:34]} 16. b4 {[%emt 0:04:26]} Bd7 {[%emt 0:03:15]} 17. Be3 {[%emt 0:05:26]} 1/2-1/2

[Event "Continental-ch Women America 2017"]
[Site "Villa Martelli"]
[Date "2017.09.14"]
[Round "9"]
[White "Carraro, Denise"]
[Black "Miranda Llanes, Yerisbel"]
[Result "1/2-1/2"]
[WhiteElo "2071"]
[BlackElo "2192"]
[Annotator "TA"]
[PlyCount "42"]
[EventDate "2017.??.??"]
[EventType "swiss"]
[EventCountry "ARG"]
[SourceTitle "playchess.com"]
[Source "ChessBase"]
[SourceQuality "1"]

{[%evp 31,42,-25,-16,-18,-18,-18,-14,-43,-43,-36,-8,-19,-16]} 1. e4 e5 2. Nf3 Nc6 3. d4 exd4 4. Nxd4 Nf6 5. Nxc6 bxc6 6. e5 Qe7 7. Qe2 Nd5 8. c4 Ba6 9. b3 O-O-O 10. g3 g5 11. Bb2 Bg7 12. Bg2 Rde8 {C45: Scotch Game} 13. O-O Bxe5 14. Qxe5 Qxe5 15. Bxe5 Rxe5 16. cxd5 Bxf1 {LiveBook: 35 Games} 17. Kxf1 cxd5 18. Nc3 c6 $1 19. Rd1 (19. Rc1 Kd8 20. Ne2 {½-½ (65) Morozevich,A (2751)-Mikhalevski,V (2631) Zuerich 2009}) 19... h5 20. Ne2 $146 ({Predecessor:} 20. h3) 20... Rhe8 21. Nd4 Kc7 1/2-1/2

[Event "Continental-ch Women America 2017"]
[Site "Villa Martelli"]
[Date "2017.09.14"]
[Round "9"]
[White "Cordero, Daniela"]
[Black "Besso, Guadalupe"]
[Result "0-1"]
[WhiteElo "2005"]
[BlackElo "1994"]
[Annotator "NA RC"]
[PlyCount "146"]
[EventDate "2017.??.??"]
[EventType "swiss"]
[EventCountry "ARG"]
[SourceTitle "playchess.com"]
[Source "ChessBase"]
[SourceQuality "1"]
[TimeControl "40/5400+30:1800+30"]

{[%evp 15,146,-12,30,18,36,48,49,43,39,41,37,19,22,0,8,0,14,-37,0,32767,35,0,42,36,82,32767,127,103,197,92,97,139,129,157,199,232,246,281,347,283,264,115,165,164,168,106,200,147,206,161,218,199,202,102,167,113,153,100,151,135,139,123,217,105,113,103,106,103,105,112,91,91,127,112,138,135,142,116,112,108,121,122,120,108,110,97,108,108,149,151,151,144,186,164,183,32767,32767,32767,32767,32767,32767,32767,32767,32767,191,222,264,264,289,257,219,252,242,269,258,275,418,401,434,514,445,531,495,431,782,301,406,520,766,-1007,-1227,-1283,-1197]} 1. d4 {[%emt 0:03:51]} Nf6 {[%emt 0:00:12]} 2. Nf3 {[%emt 0:00:20]} g6 {[%emt 0:00:05]} 3. c4 {[%emt 0:00:23]} Bg7 {[%emt 0:00:15]} 4. g3 {[%emt 0:00:24]} O-O {[%emt 0:00:11]} 5. Bg2 {[%emt 0:00:04]} d6 {[%emt 0:00:22]} 6. O-O {[%emt 0:00:11]} Nc6 {[%emt 0:00:22]} 7. d5 {[%emt 0:00:42]} Na5 {[%emt 0:00:09]} 8. Nfd2 {[%emt 0:00:28]} c5 {[%emt 0:00:16]} 9. a3 {[%emt 0:00:31]} b6 {[%emt 0:03:24]} 10. b4 {[%emt 0:02:03] E60: King's Indian: Unusual lines and Fianchetto Variation without Nc3} Nb7 {[%emt 0:01:42] LiveBook: 14 Partien} 11. Bb2 {[%emt 0:01:22]} a6 $146 {[%emt 0:02:44]} ({Find the theoretical novelty and annotate with similar games:} 11... Qc7 12. Nc3 e5 13. dxe6 Bxe6 14. Rc1 Rad8 15. Qb3 Qe7 16. Rfd1 a6 17. Nde4 b5 18. Nxf6+ Bxf6 {1-0 (54) Maiorov,N (2531)-Deslandes,P (2356) Avoine 2017}) 12. Nc3 {[%emt 0:02:33]} Bd7 {[%emt 0:00:45]} 13. h3 {[%emt 0:08:53]} b5 {[%emt 0:14:58]} 14. cxb5 {[%emt 0:13:46]} axb5 {[%emt 0:03:06]} 15. Rc1 {[%emt 0:14:32]} Qb6 {[%emt 0:00:56]} 16. e4 {[%emt 0:00:50]} (16. e3 $11) 16... Rfc8 {[%emt 0:08:53]} 17. Qb3 {[%emt 0:21:48]} h5 {[%emt 0:11:02]} 18. Kh1 {[%emt 0:02:26]} h4 {[%emt 0:08:24]} 19. g4 {[%emt 0:02:32]} Bh6 {[%emt 0:03:42]} 20. Rcd1 {[%emt 0:09:35]} c4 $2 {[%emt 0:10:53]} (20... cxb4 $1 $15 {keeps the upper hand.} 21. axb4 g5) 21. Qc2 {[%emt 0:00:15]} Bf4 {[%emt 0:01:14]} 22. Ne2 {[%emt 0:02:33]} (22. Nf3 $18) 22... Be5 {[%emt 0:01:37]} 23. Bxe5 {[%emt 0:01:07]} dxe5 {[%emt 0:00:05] [#]} 24. Qc3 $1 {[%emt 0:00:18]} Qa7 {[%emt 0:10:42]} 25. Nb1 {[%emt 0:04:50]} ({Much less strong is} 25. Qxe5 Qb6) 25... Re8 {[%emt 0:07:11]} 26. Qxe5 {[%emt 0:00:24]} Qb6 {[%emt 0:01:02]} 27. Qg5 {[%emt 0:00:16]} e5 {[%emt 0:01:19]} 28. Qxh4 {[%emt 0:00:51]} (28. dxe6 $18 Qxe6 29. Qxh4) 28... Kg7 {[%emt 0:00:36]} 29. Qg3 {[%emt 0:00:19]} Nd6 {[%emt 0:00:43]} 30. Nec3 {[%emt 0:00:18]} Re7 {[%emt 0:05:46]} (30... g5 $16 31. Kg1 Bc8) 31. Kg1 {[%emt 0:01:25]} Rae8 {[%emt 0:00:23]} (31... g5 $16 32. Rd2 Qa7) 32. Rfe1 {[%emt 0:00:08]} Bc8 {[%emt 0:01:57]} 33. Re3 {[%emt 0:03:03]} g5 {[%emt 0:00:15]} 34. Bf3 {[%emt 0:01:20]} (34. Qf3 $18) 34... Rh8 {[%emt 0:00:10]} 35. Kf1 {[%emt 0:01:51]} Rh4 {[%emt 0:00:39]} 36. Rd2 {[%emt 0:01:05]} Re8 {[%emt 0:00:32]} 37. Bg2 {[%emt 0:00:27]} Bd7 {[%emt 0:00:52]} 38. Re1 {[%emt 0:00:25]} Qa7 {[%emt 0:00:34]} (38... Nh7 $16 {might work better.} 39. Rc2 f6) 39. Qe3 {[%emt 0:00:37]} (39. Ra2 $18 {and White stays clearly on top.}) 39... Qxe3 {[%emt 0:00:46]} 40. Rxe3 {[%emt 0:00:00]} ({But not} 40. fxe3 Reh8 $11) 40... Ra8 {[%emt 0:00:12]} 41. Ne2 {[%emt 0:06:10]} Rhh8 {[%emt 0:02:57]} 42. Ng3 {[%emt 0:02:39]} Ra7 {[%emt 0:02:55]} 43. Ke2 {[%emt 0:06:44]} Ra6 {[%emt 0:02:14]} 44. Kd1 {[%emt 0:00:31]} Rc8 {[%emt 0:03:15]} 45. Kc2 {[%emt 0:01:26]} Ra7 {[%emt 0:04:27]} 46. Rc3 {[%emt 0:02:21]} Rh8 {[%emt 0:00:32]} 47. Re2 {[%emt 0:00:36]} Rh7 {[%emt 0:01:14]} 48. Nd2 {[%emt 0:00:28]} Nfe8 {[%emt 0:01:09]} 49. Ndf1 {[%emt 0:00:51]} f6 {[%emt 0:01:19]} 50. Ne3 {[%emt 0:01:19]} Kf7 {[%emt 0:00:33]} 51. Re1 {[%emt 0:01:13]} Ng7 {[%emt 0:00:22]} 52. Ra1 {[%emt 0:04:54]} Rh8 {[%emt 0:00:36]} 53. Kb2 {[%emt 0:01:40]} Rha8 {[%emt 0:00:15]} 54. Bf3 {[%emt 0:01:07]} Rh8 {[%emt 0:00:12]} 55. Rh1 {[%emt 0:00:28]} Ke7 {[%emt 0:00:30]} 56. Nh5 {[%emt 0:00:45]} Nxh5 {[%emt 0:00:14]} 57. gxh5 {[%emt 0:00:04]} Be8 {[%emt 0:00:11]} 58. h4 {[%emt 0:00:16]} gxh4 {[%emt 0:00:52]} 59. Rxh4 {[%emt 0:00:10]} Bg6 {[%emt 0:08:21]} 60. Rc1 {[%emt 0:00:39]} Bh7 {[%emt 0:01:42]} 61. Rg1 {[%emt 0:00:42]} Kf7 {[%emt 0:00:41]} 62. Rhg4 {[%emt 0:02:02]} Rha8 {[%emt 0:00:35]} 63. Rg7+ {[%emt 0:00:59]} Kf8 {[%emt 0:00:05] [#]} 64. Rxa7 $1 {[%emt 0:00:25]} Rxa7 {[%emt 0:00:03]} 65. Rg4 {[%emt 0:01:15]} Rg7 {[%emt 0:00:30]} (65... Re7 {is a better defense.} 66. Bg2 Rf7) 66. Rxg7 {[%emt 0:01:36]} Kxg7 {[%emt 0:00:04] [#]} 67. a4 $1 {[%emt 0:00:05]} bxa4 {[%emt 0:00:26]} 68. Ka3 {[%emt 0:00:06]} c3 {[%emt 0:05:25]} 69. Kxa4 {[%emt 0:00:21]} Nxe4 {[%emt 0:00:22]} 70. Ka3 $2 {[%emt 0:01:46]} (70. Bxe4 Bxe4 71. Kb3) 70... Nd2 {[%emt 0:00:24]} 71. Be2 {[%emt 0:00:23]} Kf7 {[%emt 0:01:35]} 72. Nc4 $4 {[%emt 0:02:03]} (72. b5 $18 Ke7 73. b6) 72... c2 {[%emt 0:00:17]} 73. Kb2 {[%emt 0:01:07] [#]} Nb3 $19 {[%emt 0:00:05]} 0-1

[Event "Continental-ch Women America 2017"]
[Site "Villa Martelli"]
[Date "2017.09.14"]
[Round "9"]
[White "Cosme Contreras, Trilce"]
[Black "Alboredo, Julia"]
[Result "1/2-1/2"]
[WhiteElo "1872"]
[BlackElo "2120"]
[Annotator "TA"]
[PlyCount "108"]
[EventDate "2017.??.??"]
[EventType "swiss"]
[EventCountry "ARG"]
[SourceTitle "playchess.com"]
[Source "ChessBase"]
[SourceQuality "1"]

{[%evp 19,108,-1,16,0,26,19,19,35,24,9,20,41,37,-2,0,-11,-13,-20,-7,-17,-8,-10,9,0,0,0,0,0,0,0,0,0,0,0,0,0,39,14,29,-13,-12,-14,0,0,0,0,0,0,0,0,0,-21,-21,-27,-34,-33,-33,-33,0,0,7,7,4,0,0,-9,-9,-9,-9,-9,-9,-9,-9,-9,0,-9,-9,-9,-9,-9,-9,-9,-9,-9,-9,-9,0,-10,0,0,0]} 1. c4 e5 2. Nc3 Nf6 3. g3 d5 4. cxd5 Nxd5 5. Bg2 Nb6 6. Nf3 Nc6 7. O-O Be7 8. d3 O-O 9. b3 Be6 10. Bb2 {A29: English Opening: Four Knights Variation with 4 g3} f5 {LiveBook: 17 Games} 11. e4 fxe4 $146 ({Predecessor:} 11... Qd7 12. Qc1 f4 13. gxf4 exf4 14. Kh1 Bf6 15. Rg1 Nb4 16. d4 Nd3 17. Qc2 Nxb2 {½-½ (63) Fishbein,A (2520)-Bartell,T (2368) Philadelphia 2009}) 12. Nxe4 {White has an edge.} Bg4 13. h3 Bxf3 14. Bxf3 Nd4 15. Bg2 a5 16. a4 Bb4 17. Rc1 c6 18. Bxd4 exd4 19. Qh5 {With the idea Ng5.} Qe7 20. Rc2 Nd7 21. Re2 {[#] Black must now prevent Ng5.} g6 22. Qh6 Qg7 23. Qc1 Kh8 24. f4 Rae8 25. Ref2 Nb6 {[%cal Bd7b6,Bb6d5,Bd5e3][%mdl 32]} 26. f5 gxf5 27. Rxf5 Rxf5 28. Rxf5 Nd5 29. Qg5 Qxg5 30. Nxg5 Ne3 31. Rf7 Re7 32. Be4 h6 33. Rxe7 Bxe7 $11 {[%mdl 4096] Endgame KBN-KBN} 34. Ne6 Nc2 35. Kf1 Kg8 36. Ke2 Kf7 37. Kd2 Kxe6 38. Kxc2 $15 {KB-KB} Ke5 39. Kd2 {The position is equal.} Bd6 40. Ke2 Be7 41. h4 Kd6 42. Bg6 Kc5 43. Kd2 Bd6 44. g4 Bg3 45. h5 Bf4+ 46. Kc2 b5 47. axb5 cxb5 48. Bf7 Kb4 49. Be8 Bg5 50. Bd7 a4 51. bxa4 bxa4 52. Be8 a3 53. Bd7 Bf4 54. Be8 Bg5 {Precision: White = 61%, Black = 56%.} 1/2-1/2